Quizzes
Events
Quiz Creation
Community
Videos
Private Events
Remove Ads
Sign In
Join for FREE
Feedback
Dark Mode
Quiz Categories
Sports
Geography
Music
Movies
Television
Just For Fun
Miscellaneous
History
Literature
Language
Science
Gaming
Entertainment
Religion
Holiday
For Kids
Quiz Lab
Recent
Popular Today
Quiz Kudos Today
Editor Picks
Curator Picks
Quizzes by...
Day
Popularity
Type
Ratings
Length
Year
Community
Subscriptions
Recent Discussions
Orange Saloon
Badges
Playlists
Quests
Create
Leaderboards
Showdown
Live 5
Trivia Bingo
Activity
Puzzle Library
Sporcle Events
Private Events
Virtual Trivia
Globe League
Become a Host
Pub Owners
SporcleCon
Opinionation
Our Games
Videos
Blog
Mobile Apps
Partnerships
Remove Ads and Go Orange
Feedback
Just For Fun
Clickable
Get the Picture
Humor
Quick Pick
Word Ladder
Missing Word
Mixed Word
Blitz
Minefield
This or That
Alphabet
Color
Typing
Sporcle
Puzzle
Word Play
Follow That Line
Logic
Just For Fun
Clickable
Get the Picture
Humor
Quick Pick
Word Ladder
Missing Word
Mixed Word
Blitz
Minefield
This or That
Alphabet
Color
Typing
Sporcle
Puzzle
Word Play
Follow That Line
Logic
Random Quiz
Search Sporcle
×
Quiz Lab
Quiz Lab
Just For Fun
app
Type in answers that appear in a list
Type in answers that appear in a list
Classic
Best Score? Go Orange.
Can You Name the 50 Best iPhone Apps in 2011? Stats
Can you name the 50 Best iPhone Apps in 2011??
By
jbportal7
15m
50 Questions
32 Plays
32 Plays
32 Plays
Comments
Comments
Give Quiz Kudos
Give Quiz Kudos
-
- Ratings
hide this ad
Replay
Link that replays current quiz
Next Quiz
Link to next quiz in quiz playlist
You Got
0%
They Got
Avg Score
12%
Avg Friend Score
Upgrade to see
Score Distribution
Jump to the score distribution portion of the page
Score
0/50
Timer
15:00
0
Plays Today
Category
App
% Correct
Games
Angry Birds
93.8%
Social
Facebook
59.4%
Games
Fruit Ninja
53.1%
Social
Twitter
43.8%
Games
Doodle Jump
34.4%
Games
Cut the Rope
34.4%
Social
Google
34.4%
Games
Scrabble
31.3%
On The Go
Wikipedia
21.9%
Social
Skype
21.9%
Games
Plants v. Zombies
15.6%
Entertainment
Netflix
15.6%
Social
AIM
15.6%
On The Go
Google Earth
12.5%
Lifestyle
Amazon
12.5%
Music & Photography
Pandora
12.5%
Music & Photography
Instagram
12.5%
On The Go
Kayak
9.4%
Lifestyle
WebMD
9.4%
Music & Photography
Camera+
9.4%
Entertainment
IMDb
9.4%
On The Go
Yelp
6.3%
On The Go
Weather Channel
6.3%
Lifestyle
Mint
6.3%
Entertainment
Kindle
6.3%
Category
App
% Correct
On The Go
OpenTable
3.1%
On The Go
Hopstop
3.1%
On The Go
AroundMe
3.1%
On The Go
Zipcar
3.1%
Lifestyle
Paypal
3.1%
Music & Photography
SoundHound
3.1%
Music & Photography
Hipstamatic
3.1%
Entertainment
PulseNews
3.1%
Social
Foursquare
3.1%
Games
Pictureka
0%
Games
Wurdle
0%
Games
GeoDefense Swarm
0%
On The Go
Word Lens
0%
Lifestyle
Eoucurious
0%
Lifestyle
Mixology
0%
Lifestyle
Shop Savvy
0%
Lifestyle
Lose It!
0%
Lifestyle
Springpad
0%
Music & Photography
Mog
0%
Music & Photography
Bloom
0%
Music & Photography
Photoshop Express
0%
Music & Photography
ColorSplash
0%
Entertainment
ESPN Scorecenter
0%
Entertainment
Instpaper
0%
Social
Bump
0%
Quiz Playlist
Details
Report
Send in Message
Add To Playlist
Classic:
Type in answers that appear in a list
Quiz Source
Last Updated: Feb 16, 2017
Quiz Scoreboard
CHALLENGE
Sign Up to Join the Scoreboard
Show All
Scores
Hide
Comments
May contain spoilers
Recently Published
Click the 1999 NBA Draft
by nibperrychub
Sports
2m
Alphabetical 'K' Countries by Flag Minefield
by ylime102
Geography
3m
Pick 6: Fruits
by JohnFran
Miscellaneous
15s
More to Explore
Quiz From the Vault
Featured Blog Post
15 Basketball Trivia Facts You Can Be March Mad About
hide this ad
You Might Also Like...
Tags
2011
50 Best
app
Category
iPhone
Today's Top Quizzes in Just For Fun
Browse Just For Fun
hide this ad
Today's Top Quizzes in app
Browse app
Top Contributed Quizzes in Just For Fun
1
Seasons
2
Pick 6: Letters
3
Pick 6: Foods
4
Pick 6: Colors
5
Quick Pick: Spring Things
6
Just Another 1-25 Logic Puzzle
7
Four Seasons
8
🌸 Two-Word Hint Crossword 7 🌸
9
LogiCrossword: Seasons of Year
10
Big Bang Theory Logic Puzzle
Explore More
Trending Topics
Crossword
Harry Potter
Anime
Disney
Kpop
Marvel
NBA
The Office
Country
Soccer
Pokémon
NFL
Song
WWE
Puzzle
hide this ad
More By:
jbportal7
Quiz
Plays
Rating
Category
Featured
Created
4-Letter Word Ladder
101
5.00
Just For Fun
May 5, 2011
Holiday Song Acronyms
91
Holiday
Dec 11, 2011
Different Categories of Mixed Words
44
4.00
Just For Fun
Dec 11, 2011
Can You Name the 50 Best iPhone Apps in 2011?
32
Just For Fun
May 17, 2011
Go to Creator's Profile
Score Distribution
Quiz Creator Spotlight
jbportal7
Follow
Send a Message
Quizzes Created
-
Created Quiz Play Count
-
More By This Creator
Popular Quizzes Today
1
Countries of Asia Without Outlines Minefield
2
Find the US States - No Outlines Minefield
3
Pick 6: Fruits
4
Alphabetical 'K' Countries by Flag Minefield
5
The Countries of the World
6
Find the US States
7
US States
8
Match the Book to the Film X
More Just For Fun Quizzes
Missing Word: Three Word Album Titles
Published
Trending Quizzes
Pick 6: Mountains
Pick 6: Harry Potter
Pick 6: NFL Teams
Pick 6: Movie Franchises
Pick 6: Golfers
Recently Updated
NWSL Teams
pecheneg
Women's Final Four Teams by Year
bhenderson79
Presidents Quartet II
eogle
Anything But Clue(do)
eogle
Anything But Oceanian Capitals
eogle
Anything But 7
eogle
Anything But Thing
eogle
Word Ladder: February 29
pecheneg
Song Title Questions
pecheneg
Women's NCAA Tournament #1 Seeds
pecheneg
Trending Topics
Anime
Harry Potter
Disney
NBA
Kpop
Marvel
Crossword
Country
The Office
Pokémon
Puzzle
WWE
NFL
Song
Soccer
Your Account Isn't Verified!
In order to create a playlist on Sporcle, you need to verify the email address you used during registration. Go to your
Sporcle Settings
to finish the process.
Report this User
Report this user for behavior that violates our
Community Guidelines
.
Details:
Send Report
Go to the Sporcle.com Mobile Site →
Comments